| 000 | 00542nam a2200169 i 4500 | ||
|---|---|---|---|
| 001 | 35519 | ||
| 003 | ES-MaACL | ||
| 005 | 20230906155138.0 | ||
| 007 | t| | ||
| 008 | 030213q19001999sp ||||1| spa d | ||
| 100 | 1 |
_aBoucharlat, J. L. _930827 |
|
| 245 | 1 | 0 |
_aElementos de cálculo diferencial y de cálculo integral / _cpor J. L. Boucharlat ; traducidos al español por Gerónimo del Campo. |
| 260 |
_a[S.l. : _bs.n., _c19--?] |
||
| 300 |
_a436 p., 5 lám. ; _c25 cm. |
||
| 700 | 1 |
_aCampo, Gerónimo del. _934194 |
|
| 852 |
_aES-MaACL _jF-5295 |
||
| 999 |
_c35519 _d35519 |
||